Perspectives on contract law / (Record no. 3534)
[ view plain ]
| 000 -LEADER | |
|---|---|
| fixed length control field | 00726cam a2200193 a 4500 |
| 001 - CONTROL NUMBER | |
| control field | 2090879 |
| 005 - DATE AND TIME OF LATEST TRANSACTION | |
| control field | 20250206211240.0 |
| 008 - FIXED-LENGTH DATA ELEMENTS--GENERAL INFORMATION | |
| fixed length control field | 950227s1995 mau b 000 0 eng d |
| 020 ## - INTERNATIONAL STANDARD BOOK NUMBER | |
| International Standard Book Number | 0316081299 |
| 050 00 - LIBRARY OF CONGRESS CALL NUMBER | |
| Classification number | KF801.A7 |
| Item number | P42 1995 |
| 245 00 - TITLE STATEMENT | |
| Title | Perspectives on contract law / |
| Statement of responsibility, etc. | [edited by] Randy E. Barnett. |
| 260 ## - PUBLICATION, DISTRIBUTION, ETC. | |
| Place of publication, distribution, etc. | Boston : |
| Name of publisher, distributor, etc. | Little, Brown, |
| Date of publication, distribution, etc. | c1995. |
| 300 ## - PHYSICAL DESCRIPTION | |
| Extent | xxii, 381 p. ; |
| Dimensions | 23 cm. |
| 440 #0 - SERIES STATEMENT/ADDED ENTRY--TITLE | |
| Title | Perspectives on law series |
| 500 ## - GENERAL NOTE | |
| General note | Accompanied by Teacher's manual (c1995), which also covers Contracts : cases and doctrine; and Teacher's manual (c1999), which also covers Contracts : cases and doctrine (2nd ed.). |
| 650 #0 - SUBJECT ADDED ENTRY--TOPICAL TERM | |
| Topical term or geographic name entry element | Contracts |
| Geographic subdivision | United States. |
| 700 1# - ADDED ENTRY--PERSONAL NAME | |
| Personal name | Barnett, Randy E. |
| 942 ## - ADDED ENTRY ELEMENTS (KOHA) | |
| Source of classification or shelving scheme | Library of Congress Classification |
| Koha item type | Books |
| Suppress in OPAC | No |
| 999 ## - | |
| -- | 3534 |
| -- | 3534 |
| Withdrawn status | Lost status | Source of classification or shelving scheme | Damaged status | Not for loan | Collection | Home library | Current library | Shelving location | Date acquired | Total checkouts | Full call number | Barcode | Date last seen | Copy number | Price effective from | Koha item type |
|---|---|---|---|---|---|---|---|---|---|---|---|---|---|---|---|---|
| Library of Congress Classification | Non-fiction | Law Library (Christ Temple) | Law Library (Christ Temple) | General stacks | 02/06/2025 | KF801.A7P42 BAR | LLCT00000409 | 02/06/2025 | 1 | 02/06/2025 | Books |